| 000 -LEADER |
| fixed length control field |
01203nam a22001577a 4500 |
| 008 - FIXED-LENGTH DATA ELEMENTS--GENERAL INFORMATION |
| fixed length control field |
210923b ||||| |||| 00| 0 eng d |
| 100 ## - MAIN ENTRY--PERSONAL NAME |
| Personal name |
Walker, Michael, Fleming, Peter and Berti, Marco |
| 245 ## - TITLE STATEMENT |
| Title |
‘You can’t pick up a phone and talk to someone’: How algorithms function as biopower in the gig economy |
| 260 ## - PUBLICATION, DISTRIBUTION, ETC. (IMPRINT) |
| Place of publication, distribution, etc |
Organization |
| 300 ## - PHYSICAL DESCRIPTION |
| Extent |
28(1), Jan, 2021: 26-43 |
| 520 ## - SUMMARY, ETC. |
| Summary, etc |
This paper asks why there is so little collective dissent and mobilised resistance in the gig economy, especially when labour-based digital platforms are used. We suggest part of the answer lies with ‘management by algorithm’. Drawing on an empirical study of Uber drivers in Australia, we found that algorithms function as a form of biopower, a concept introduced by Michel Foucault. As Uber drivers ‘life processes’ are put to work, fragmentation, isolation and resignation ensue. We explore the implications that our findings have for appreciating how biopower operates within platform capitalism and beyond. – Reproduced |
| 650 ## - SUBJECT ADDED ENTRY--TOPICAL TERM |
| Topical term or geographic name as entry element |
Algorithms, Biopower, Gig economy, Platform capitalism, Resistance, Uber |
| 9 (RLIN) |
27596 |
| 773 ## - HOST ITEM ENTRY |
| Main entry heading |
Organization |
| 906 ## - LOCAL DATA ELEMENT F, LDF (RLIN) |
| Subject DIP |
ALGORITHMS |
| 942 ## - ADDED ENTRY ELEMENTS (KOHA) |
| Item type |
Articles |